• 首页
  • 本馆介绍
  • 公告通知
  • 最新文献
  • 馆藏检索
  • 电子资源
  • 读者导购
  • 参考咨询
  • 我的图书馆
  • 登录
  • 详细信息显示
  • 放入我的书架
  • 预约/预借图书
  • 作者相关作品
  • 分类相关作品
  • 丛书相关作品
  • 出版社相关作品

书目信息

  • 表格格式
  • 工作单格式
  • 卡片格式
题名:
古今伪书考补证
    
 
作者: 黄云眉, 著
分册:  
出版信息: 北京   商务印书馆  2019
页数: 219页
开本: 23cm
丛书名:
单 册:
中图分类: G256.22
科图分类:
主题词: 古籍--gu ji--伪书--图书鉴定--中国
电子资源:
ISBN: 978-7-100-16084-1
000 01223nam0 2200253 450
001 012001012494
005 20131106174724.0
010    @a978-7-100-16084-1@dCNY48.00
099    @aCAL 012019074025
100    @a20190506d2019 em y0chiy50 ea
101 0  @achi
102    @aCN@b110000
105    @ay z 000yy
106    @ar
200 1  @a古今伪书考补证@Agu jin wei shu kao bu zheng@f黄云眉著
210    @a北京@c商务印书馆@d2019
215    @a219页@d23cm
314    @a黄云眉 (1898-1977),字半坡。浙江余姚人。著名历史学家、教育家。主要著作有《史学杂稿订存》、《史学杂稿续存》等。
330    @a本书是清代学者姚际恒(1647~约1715)辨证伪书的著作。全书仅一卷, 曾收入《知不足斋丛书》。1929年由朴社出版。1933年再版时,顾颉刚为之校点并写序跋。计有经类19种、史类13种、子类30种。凡姚氏认为托名伪造之古书(例如经类之《易传》、《古文尚书》、《周礼》;史类之《竹书纪年》、《穆天子传》;子类之《关尹子》、《晏子春秋》等),皆一一详加考证,是研究经学、读史必备的工具书。《古今伪书考补正》是对此书作辨伪、考订和补正,使其发挥更大的作用。
606 0  @a古籍@Agu ji@x伪书@x图书鉴定@y中国
690    @aG256.22@v5
701  0 @a黄云眉,@Ahuang yun mei@f1898-1977@4著
801  0 @aCN@b上海新华@c20191020
905    @b1179521-4@dG256.22@e100@f4
    
    古今伪书考补证/黄云眉著.-北京:商务印书馆,2019
    219页;23cm
    
    
    ISBN 978-7-100-16084-1:CNY48.00
    本书是清代学者姚际恒(1647~约1715)辨证伪书的著作。全书仅一卷, 曾收入《知不足斋丛书》。1929年由朴社出版。1933年再版时,顾颉刚为之校点并写序跋。计有经类19种、史类13种、子类30种。凡姚氏认为托名伪造之古书(例如经类之《易传》、《古文尚书》、《周礼》;史类之《竹书纪年》、《穆天子传》;子类之《关尹子》、《晏子春秋》等),皆一一详加考证,是研究经学、读史必备的工具书。《古今伪书考补正》是对此书作辨伪、考订和补正,使其发挥更大的作用。
●
相关链接 在E读中查询图书 在五车中查询图书 在当当中查询图书 在豆瓣中查询图书


正题名:古今伪书考补证     索取号:G256.22/100         预约/预借

序号 登录号 条形码 馆藏地/架位号 状态 备注
1 1179521   211795217   第一样本阅览室/ [索取号:G256.22/100] 在馆    
2 1179522   211795226   第四借阅区/ [索取号:G256.22/100] 在馆    
3 1179523   211795235   第四借阅区/ [索取号:G256.22/100] 在馆    
4 1179524   211795244   第四借阅区/ [索取号:G256.22/100] 在馆    
唐山师范学院图书馆 欢迎您!
大连网信软件有限公司© 版权所有